Parques y zonas verdes de Bogotá /
Guardado en:
| Autor Corporativo: | |
|---|---|
| Formato: | Libro |
| Lenguaje: | Spanish |
| Publicado: |
Bogotá :
Alcaldía Mayor,
2001.
|
| Materias: | |
| Etiquetas: |
Agregar Etiqueta
Sin Etiquetas, Sea el primero en etiquetar este registro!
|
MARC
| LEADER | 00000cam a2200000 a 4500 | ||
|---|---|---|---|
| 005 | 20150720151241.0 | ||
| 008 | 010809s2001 ck a r 00010 spa d | ||
| 040 | |a la |c la | ||
| 041 | 0 | |a spa | |
| 082 | 0 | 4 | |a 790.068 |b B675p |2 19 ed. |
| 110 | 1 | |a Bogotá (Colombia) |b Alcaldía Mayor. | |
| 245 | 1 | 0 | |a Parques y zonas verdes de Bogotá / |c Alcaldía Mayor. |
| 260 | |a Bogotá : |b Alcaldía Mayor, |c 2001. | ||
| 300 | |a 28 páginas : |b ilustraciones a color | ||
| 650 | 1 | 4 | |a RECREACION |z BOGOTA (COLOMBIA) |x ASPECTOS SOCIALES |
| 650 | 1 | 4 | |a PARQUES |z BOGOTA (COLOMBIA) |
| 650 | 1 | 4 | |a RECREACION AL AIRE LIBRE |z BOGOTA (COLOMBIA) |
| 651 | 1 | 4 | |a BOGOTA (COLOMBIA) |x AREAS DE RECREACION |
| 942 | |2 ddc |c REF | ||
| 999 | |c 4357 |d 4357 | ||
